00688nam a22002051i 4500001000700000003000900007005001700016007000300033008004100036080002500077100002300102245008000125260003200205300003700237490003600274651005100310830004700361852005200408852002200460105381ES-MaACL20250815082228.0t|060704s1956 sp |||| | spa d a338.98(46)"1939/..."1 aTorres, Manuel de.10aJuicio de la actual política económica española / cManuel de Torres. aMadrid : bAguilar, c1956. aXXVII, 268 p. : bil. ; c22 cm.1 aBiblioteca de ciencias sociales 4aEspaña-xPolítica económica-y1939-1955.00aBiblioteca de ciencias sociales (Aguilar)  aES-MaACLjAND-176 z. - Biblioteca Juan Andrade aES-MaACLjC-10323